000 01034nac a22003377a 4500
001 BR0302815
003 BR-BrBNA
005 20240105122822.0
008 230509b bl.|||m| |||| 00| 0 por d
040 _aBR-BrBNA
_bpor
_cBiblioteca Nacional de Agricultura
072 _aF70; E50
090 _aF70 BR0302815
100 1 _aRangel, M.S.A.
110 1 _aEMBRAPA Tabuleiros Costeiros, Aracaju, SE (Brasil)
245 1 _aMoringa oleifera uma planta de uso múltiplo
260 3 _aAracaju, SE (Brasil):
_c1999.
300 _a41 p.
490 _aCircular Técnica - EMBRAPA Tabuleiros Costeiros (Brazil)
_vno. 9
_xISSN 1517-1310
500 _a22 illus.; Bibliography p. 35-41
650 _aCUIA
650 _aVARIEDADE
650 _aTAXONOMIA VEGETAL
650 _aMORFOLOGIA VEGETAL
650 _aSAÚDE
650 _aREFLORESTAMENTO
650 _aANÁLISE QUÍMICA
650 _aALIMENTO ALTERNATIVO
650 _aTRATAMENTO DA ÁGUA
909 _a202312
_bLúcia Elande
_c55
_dLúcia Elande
942 _2AGRIS
_n0
_cMS
999 _c292940
_d292940